000 00703nam a22001937a 4500
999 _c6374
_d6374
003 AR-CdUCM
008 190315b ||||| |||| 00| 0 spa d
040 _aMUNICIPALIDAD PROVINCIAL DEL CUSCO
_cBIBLIOTECA MUNICIPAL DEL CUSCO
082 _a030 /
_bZ88
100 _aZorrilla, Juan
_918169
245 _aDon juan Tenorio :
_bLos mejores libros de la literatura española /
260 _aLima :
_bEditora de Publicaciones Gente,
_c1987.
300 _a144 páginas ;
_c17 cm.
440 _aColeccion gratuita con la revista Gente (Lima-Perú) por su 3º aniversario.
_918170
505 _aContenido: Teatro de colección.
700 _aBanco de la Nación.
_918155
942 _2ddc
_cLIBROS
945 _adavv